000 00895cam a2200289 a 4500
008 120401s2006 sp 000 0 spa d
020 _a9788466752169
040 _aEG-GiCUC
_bspa
_cEG-GiCUC
050 0 0 _aPQ6653.O47285
_bT67 2006
092 0 4 _a863.64
_bC747t 2006
_221
099 _a04
_a863.64 C747t 2006
100 1 _aConejo, Ana Isabel,
_d1970-
245 1 3 _aLa torre y la isla /
_cAna Alonso y Javier Pelegrín.
250 _a2{u00AA} ed.
260 _aMadrid :
_bAnaya,
_c2006.
300 _a379 p. ;
_c21 cm.
490 0 _aLa llave del tiempo ;
_v1.
600 1 0 _aConejo, Ana Isabel,
_d1970-
650 0 _aSpanish fiction
_y21st century.
700 1 _aPelegrín, Javier,
_d1967-
830 0 _aLa llave del tiempo ;
_v1.
902 _a1
905 _aJamal
_eCat.
905 _aJihan
_eRev.
942 _2ddc
_cBK
999 _c124842
_d124842